La mala pasión (Record no. 174456)

MARC details
000 -LEADER
campo de control de longitud fija 00664nam a2200205 4500
001 - NÚMERO DE CONTROL
campo de control 174456
003 - IDENTIFICADOR DE NÚMERO DE CONTROL
campo de control ES-MaACL
005 - FECHA Y HORA DE LA ÚLTIMA TRANSACCIÓN
campo de control 20230906215532.0
008 - DATOS DE LONGITUD FIJA--INFORMACIÓN GENERAL
campo de control de longitud fija 100423s1922 sp |||| | spa d
080 ## - NÚMERO DE LA CLASIFICACIÓN DECIMAL UNIVERSAL
Número de la Clasificación Decimal Universal 821.134.2-32"19"
100 1# - ENTRADA PRINCIPAL--NOMBRE DE PERSONA
Nombre de persona Carrere, Emilio.
9 (RLIN) 35691
245 13 - MENCIÓN DEL TÍTULO
Título La mala pasión
Resto del título : novela de Emilio Carrère /
Mención de responsabilidad, etc. (ilustraciones de Máximo Ramos).
260 ## - PUBLICACIÓN, DISTRIBUCIÓN, ETC.
Lugar de publicación, distribución, etc. Madrid :
Nombre del editor, distribuidor, etc. Prensa Gráfica,
Fecha de publicación, distribución, etc. 1922.
300 ## - DESCRIPCIÓN FÍSICA
Extensión 62 p. :
Otras características físicas il. ;
Dimensiones 15 cm.
490 1# - MENCIÓN DE SERIE
Mención de serie La novela semanal ;
Designación de volumen o secuencia año 2, n. 34
700 1# - ENTRADA AGREGADA--NOMBRE PERSONAL
Nombre de persona Ramos, Máximo.
9 (RLIN) 142570
830 0# - PUNTO DE ACCESO ADICIONAL DE SERIE-TÍTULO UNIFORME
Título uniforme La novela semanal ;
Designación de volumen o secuencia año 2, n. 34
9 (RLIN) 189424
852 4# - LOCALIZACIÓN
Ubicación ES-MaACL
Número de control de estantería 2256-F-38
Holdings
Estatus retirado Estado de pérdida Estado de daño No para préstamo Colección Biblioteca de origen Biblioteca actual Ubicación en estantería Fecha de adquisición Fuente de adquisición Total de préstamos Signatura topográfica completa Código de barras Visto por última vez Precio de reemplazo Tipo de ítem Koha
        Colección de folletos Biblioteca del Ateneo de Madrid Biblioteca del Ateneo de Madrid Depósito folletos 23/04/2010     2256-F-38 1183111 23/02/2023 23/02/2023 Folleto